| 000 | 00905nam a2200253 i 4500 | ||
|---|---|---|---|
| 001 | 32188 | ||
| 003 | ES-MaACL | ||
| 005 | 20230906154528.0 | ||
| 007 | t| | ||
| 008 | 030130s1952 ag |||| | spa d | ||
| 080 | _a316.334.3 | ||
| 100 | 1 |
_aBenítez de Castro, Cecilio. _927625 |
|
| 245 | 1 | 3 |
_aEl enigma del poder legítimo / _cCecilio Benítez de Castro. |
| 260 |
_aBuenos Aires : _b[s.n., _c1952] ( _fArchelli) |
||
| 300 |
_a27 p. ; _c24 cm. |
||
| 490 | 1 |
_aCuadernos de sociología política ; _v5 |
|
| 594 | _aPrecede al tít.: Ministerio de Educación. Universidad de Buenos Aires, Facultad de Ciencias Económicas, Instituto de Sociología. | ||
| 650 | 0 | 4 |
_aSociología política. _917215 |
| 650 | 0 | 4 |
_aPoder. _916144 |
| 710 | 2 |
_aUniversidad de Buenos Aires. _97155 |
|
| 830 | 0 |
_aCuadernos de sociología política ; _v5 _9229403 |
|
| 852 |
_aES-MaACL _j1963-F-9 |
||
| 999 |
_c32188 _d32188 |
||